| 000 | 02732aam a22002891i 4500 | ||
|---|---|---|---|
| 001 | 991007642989707026 | ||
| 003 | UkOxU | ||
| 005 | 20260309165719.0 | ||
| 006 | m || d | | ||
| 007 | cr ||||||||||| | ||
| 008 | 150731s2015 enk ob 001 0 eng d | ||
| 020 | _a9781292399805 | ||
| 040 | _ctbs | ||
| 041 | _aEnglish | ||
| 050 | 1 | 4 |
_aHF5636 _b.E47 2015 |
| 100 |
_aElliott, Barry _eauthor. _96995 |
||
| 245 | 1 | 0 |
_aFinancial accounting and reporting _c/ Barry Elliott and Jamie Elliott. |
| 250 | _aTwentieth edition | ||
| 264 | 1 |
_aHarlow, Essex : _bPearson, _c2022 |
|
| 300 | _axxix, 855 pages | ||
| 504 | _aIncludes bibliographical references and index. | ||
| 505 | _aAccounting and reporting on a cash flow basis — Accounting and reporting on an accrual accounting basis — Preparation of financial statements of comprehensive income, changes in equity and financial position — Annual Report: additional financial disclosures — Statements of cash flows — Part 2 — INCOME AND ASSET VALUE MEASUREMENT SYSTEMS — Income and asset value measurement: an economist's approach — Accounting for price-level changes — Revenue recognition — Part 3 — REGULATORY FRAMEWORK - AN ATTEMPT TO ACHIEVE UNIFORMITY — Financial reporting - evolution of global standards — Concepts - evolution of an international conceptual framework — Ethical behaviour and implications for accountants — Part 4 — STATEMENT OF FINANCIAL POSITION - EQUITY, LIABILITY AND ASSET MEASUREMENT AND DISCLOSURE — Share capital, distributable profits and reduction of capital — Liabilities — Financial instruments — Employee benefits — Taxation in company accounts — Property, plant and equipment (PPE) — Leasing — Intangible assets — Inventories — Construction contracts — Part 5 — CONSOLIDATED ACCOUNTS — Accounting for groups at the date of acquisition — Preparation of consolidated statements of financial position after the date of acquisition — Preparation of consolidated statements of income, changes in equity and cash flows — Accounting for associates and joint arrangements — Introduction to accounting for exchange differences — Part 6 — INTERPRETATION — Earnings per share — Review of financial statements for management purposes — Analysis of published financial statements — An introduction to financial reporting on the Internet — Part 7 — ACCOUNTABILITY — Corporate governance — Sustainability - environmental and social reporting — Index. | ||
| 650 | 0 |
_aAccounting _9103 |
|
| 650 | 0 |
_aFinancial statements _92479 |
|
| 856 | _uhttps://bibliotheque.tbs-education.fr/Default/doc/SYRACUSE/3399601/financial-accounting-reporting-barry-elliott | ||
| 942 | _2lcc | ||
| 999 |
_c4925 _d4925 |
||